000 01213nam a2200313Ia 4500
005 20240530110259.0
008 140319s1962 xx 000 0 ara d
040 _aGCL /
_cGCL
082 0 4 _a920.71 /
_bص ك
100 1 _aصلاح الدين خليل بن ايبك الصفدى
245 1 0 _aكتاب الوافى بالوفيات 22 ج /
_cتاليف الصفدى ، صلاح الدين ابو الصفا خليل بن ايبك
260 _aشتوتغارت :
_bفرانز شتاينر ،
_cمتعدد
300 _aمتعدد ؛
_c24سم
490 _aالنشرات الاسلامية
500 _aغير متوافر الجزء 20 - 23
650 0 4 _aالوفيات
650 0 4 _aالوفيات - تراجم
650 0 4 _aالتاريخ
700 _aاحسان عباس
_eمحقق
700 _aمحمد يوسف نجم
_eمحقق
700 _aرمضان عبدالتواب
_eمحقق
700 _aشكرى فيصل
_eمحقق
700 _aعلى عمارة
_eمحقق
700 _aبيرند راتكة
_eمحقق
700 _aس . ديدرينغ
_eمحقق
700 _aهلموت ريتر
_eمحقق
942 _2ddc
_cBK
999 _c59584
_d59584